Statystyki dla Zdjęcia satelitarne - państwa #5

Kliknij tutaj aby rozwiązać quiz!

Ogólne statystyki

  • Ten quiz został rozwiązany 46 razy
  • Średni wynik to 12 z 16

Statystyki odpowiedzi

Odpowiedź% Poprawnych
Japonia
100%
Grecja
95%
Indonezja
95%
Kanada
93%
Madagaskar
89%
Sri Lanka
84%
Jemen
82%
Maroko
82%
Tajlandia
82%
Malta
77%
Peru
75%
Wenezuela
75%
Timor Wschodni
64%
Namibia
57%
Vanuatu
48%
Belize
18%

Rozkład punktacji

Percentyl według liczby udzielonych odpowiedzi

Procent ludzi z każdym wynikiem

Twoja historia wyników

Nie rozwiązałeś tego quizu